000 00729nam a22001937a 4500
999 _c3769
_d3769
003 Nust
005 20180117090013.0
008 161206b xxu||||| |||| 00| 0 eng d
020 _a9789351114833
040 _a0
_c0
082 _2333.7
100 _4Dr. Neha Arora
245 _aRural development through people's participation
260 _aNew Delhi
_bRandom publications
_c2015
300 _a283p
942 _2ddc
_cBK